All Aurora's Songs - Statistics

General Stats
  • This quiz has been taken 19 times
  • The average score is 50 of 85
Answer Stats
Hint Answer % Correct
A Different Kind Of Human A Different Kind Of Human
100%
The Gods We Can Touch Cure For Me
100%
Infections Of A Different Kind Infections Of A Different Kind
100%
All My Demons Greating Me As A Friend Runaway
100%
All My Demons Greating Me As A Friend Running With The Wolves
100%
A Different Kind Of Human Apple Tree
91%
All My Demons Greating Me As A Friend Murder Song (5,4,3,2,1)
91%
What Happened To The Heart The Blade
91%
A Different Kind Of Human The Seed
91%
A Different Kind Of Human Animal
82%
The Gods We Can Touch Artemis
82%
All My Demons Greating Me As A Friend Black Water Lilies
82%
All My Demons Greating Me As A Friend Conqueror
82%
What Happened To The Heart Dreams
82%
What Happened To The Heart My Name
82%
Infections Of A Different Kind Queendom
82%
A Different Kind Of Human The River
82%
All My Demons Greating Me As A Friend Warrior
82%
All My Demons Greating Me As A Friend Winter Bird
82%
What Happened To The Heart A Soul With No King
73%
The Gods We Can Touch Blood In The Wine
73%
A Different Kind Of Human Daydreamer
73%
The Gods We Can Touch Exist For Love
73%
Infections Of A Different Kind Forgotten Love
73%
The Gods We Can Touch Heathens
73%
All My Demons Greating Me As A Friend Lucky
73%
What Happened To The Heart (Deluxe) The Flood
73%
All My Demons Greating Me As A Friend Under The Water
73%
What Happened To The Heart When The Dark Dresses Lightly
73%
Infections Of A Different Kind Churchyard
64%
A Different Kind Of Human Dance On The Moon
64%
What Happened To The Heart Do You Feel
64%
The Gods We Can Touch Everything Matters
64%
The Gods We Can Touch Giving In To The Love
64%
Singles Little Boy in The Grass
64%
A Different Kind Of Human Mothership
64%
What Happened To The Heart My Body Is Not Mine
64%
Infections Of A Different Kind Soft Universe
64%
What Happened To The Heart Some Type Of Skin
64%
What Happened To The Heart Starvation
64%
What Happened To The Heart The Conflict Of The Mind
64%
What Happened To The Heart To Be Alright
64%
What Happened To The Heart Your Blood
64%
The Gods We Can Touch A Dangerous Thing
55%
Infections Of A Different Kind Gentle Earthquakes
55%
A Different Kind Of Human Hunger
55%
Singles Into The Unknown
55%
Infections Of A Different Kind It Happened Quiet
55%
The Gods We Can Touch The Forbidden Fruits Of Eden
55%
The Gods We Can Touch The Innocent
55%
The Gods We Can Touch The Woman I Am
55%
All My Demons Greating Me As A Friend Wisdom Cries
55%
Singles You Can't Run From Yourself
55%
The Gods We Can Touch A Little Place Called The Moon
45%
Infections Of A Different Kind All Is Soft Inside
45%
Singles A Potion For Love
45%
The Gods We Can Touch A Temporary High
45%
What Happened To The Heart Earthly Delights
45%
What Happened To The Heart Echo Of My Shadow
45%
The Gods We Can Touch Exhale Inhale
45%
All My Demons Greating Me As A Friend Home
45%
What Happened To The Heart Invisible Wounds
45%
All My Demons Greating Me As A Friend Nature Boy
45%
Singles The Devil Is Human
45%
What Happened To The Heart (Deluxe) The Weight Of Missing
45%
All My Demons Greating Me As A Friend Through The Eyes Of A Child
45%
Singles Under Stars
45%
Singles Awakening
36%
All My Demons Greating Me As A Friend Half The World Away
36%
What Happened To The Heart (Deluxe) Hearts Intuition
36%
All My Demons Greating Me As A Friend I Went Too Far
36%
A Different Kind Of Human Soulless Creatures
36%
What Happened To The Heart The Essence
36%
Singles The Secret Garden
36%
The Gods We Can Touch You Keep Me Crawling
36%
Singles Animal Soul
27%
A Different Kind Of Human In Bottles
27%
Singles In Boxes
27%
Singles Midas Touch
27%
All My Demons Greating Me As A Friend Mr Tambourine Man
27%
Singles Stjernestøv
27%
Singles Thank U
27%
The Gods We Can Touch This Could Be A Dream
27%
Singles Walking In The Air
27%
Singles Hunting Shadows
18%
No matching quizzes found
Score Distribution
Percent of People with Each Score
Percentile by Number Answered
Your Score History
You have not taken this quiz